000 00535nam a2200193Ia 4500
003 OSt
005 20230413110953.0
008 210423s2005 xx 000 0 und d
040 _cAL
041 _aeng
082 _a820.9112
_223
_bBRAD
100 _aBRANSHAW (David);DETTMAR (Kevin J H).
_987762
245 _aCompanion to modernist literature and culture.
260 _aU K
_bWiley- Blackwell
_c2005
300 _axxi,593
365 _b2552
_cINR
906 _aCompanion ; culture. ; literature ; modernist
942 _2ddc
_cBK
999 _c157375
_d157375